UM Logo

Mid-morning revelry/ (Record no. 5348)

MARC details
000 -LEADER
fixed length control field 00467nam a2200157 4500
008 - FIXED-LENGTH DATA ELEMENTS--GENERAL INFORMATION
fixed length control field 161020b xxu||||| |||| 00| 0 eng d
022 ## - INTERNATIONAL STANDARD SERIAL NUMBER
International Standard Serial Number 9770118389007
082 ## - DEWEY DECIMAL CLASSIFICATION NUMBER
Classification number DPer 641.05 F73 Mar-Nov 2012
100 ## - MAIN ENTRY--PERSONAL NAME
9 (RLIN) 16565
Personal name De Rivera, Angeli
245 ## - TITLE STATEMENT
Title Mid-morning revelry/
Statement of responsibility, etc. Angeli De Rivera.
260 ## - PUBLICATION, DISTRIBUTION, ETC. (IMPRINT)
Place of publication, distribution, etc. Quezon City:
Name of publisher, distributor, etc. ABS CBN Publishing, Inc.,
Date of publication, distribution, etc. ©2012.
300 ## - PHYSICAL DESCRIPTION
Extent pages 56-57;
Dimensions 30 cm.
500 ## - GENERAL NOTE
General note Food.
650 #0 - SUBJECT ADDED ENTRY--TOPICAL TERM
9 (RLIN) 16566
Topical term or geographic name as entry element Menus
942 ## - ADDED ENTRY ELEMENTS (KOHA)
Source of classification or shelving scheme Dewey Decimal Classification
Koha item type Periodicals
Holdings
Withdrawn status Lost status Source of classification or shelving scheme Damaged status Not for loan Collection code Home library Current library Date acquired Total Checkouts Full call number Date last seen Price effective from Koha item type Public note
    Dewey Decimal Classification     Periodicals UM Digos College - LIC UM Digos College - LIC 10/20/2016   DPer 641.05 F73 Mar-Nov 2012 10/20/2016 10/20/2016 Periodicals Periodical article